Star Wars: Episode 3 Trivia - Statistics

General Stats
  • This quiz has been taken 23 times
  • The average score is 16 of 25
Answer Stats
Hint Answer % Correct
Who was being rescued from a kidnapping attempt at the beginning of the film? Chancellor Palpatine
89%
Who does Anakin kill in cold blood while they are rescuing the person in question one? Count Dooku
89%
Who is the four-armed cyborg antagonist of Revenge of the Sith? General Grievous
89%
Who ends up killing that antagonist later in the film? Obi Wan Kenobi
84%
Over what planet does the opening space battle take place? Coruscant
79%
What are the soldiers fighting on the side of the Republic usually referred to as? Clone Troopers
68%
What is the name of the commanding officer whose team faught with Obi Wan? Commander Cody
68%
What was the chancellor's Sith name? Darth Sidious
68%
Who rescued Anakin from the lava planet? Emperor Palpatine
68%
Who did the chancellor throw from the window of his office? Mace Windu
68%
What was the name of the order that the chancellor gave after surviving the lightsaber duel in his office? Order 66
68%
Who died tragically of a broken heart? Padme Amidala
68%
Which senator helped Yoda and Obi Wan after the jedi were attacked? Bail Organa
63%
What is the term for the gremlin-like robots that dismantle and destroy space ships they are set upon? Buzz Droids
63%
The Chancellor tells Anakin a story about a wise Sith lord. What was that Sith lord's name? Darth Plagueis
63%
On what planet did Obi Wan and Anakin have their duel? Mustafar
63%
What did Obi Wan have that gave him an advantage at the end of his duel with Anakin? The high ground
63%
What alien race lived on that planet? Wookiees
63%
When that order was given, on which planet was Yoda fighting? Kashyyyk
58%
What did that order compell the Republic soldiers to do? Murder the Jedi
58%
What medical condition do we find out Senator Amidala has? She is pregnant.
58%
On what planet does Obi Wan find the cyborg enemy from question five? Utapau
58%
What do the star systems fighting to leave the Republic call themselves? Separatists
53%
What was the name of the opera that the Chancellor and Anakin were watching? Squid Lake
21%
On that planet, Obi Wan mounts a beast that resembles a crossed between an iguana and a parrot. What is that animal called? varactyl
21%
No matching quizzes found
Score Distribution
Percent of People with Each Score
Percentile by Number Answered
Your Score History
You have not taken this quiz